000 004720000a22001690004500
003 MACL
005 20151222122613.0
008 151222b xxu||||| |||| 00| 0 eng d
040 _aMACL
_cMACL
041 _aEnglish
082 _a294.55/BHA
100 _aPrabhupada, A C Bhaktivedanta Swami
_921808
245 _aSrimad Bhagavatam
_bThird Canto The Status Quo
260 _bThe Bhaktivedanta book Trust
_c1977
650 _aReligion
_921809
942 _cBK
_k294.55/BHA
_2ddc
999 _c40730
_d40730